00373nam a2200121Ia 4500008004100000082002000041100001000061245004800071260002800119300000800147630004800155730004800203100122s9999 xx 000 0 und d b61884a332.4954 aVEE G aWHERE THE MONEY IS IN INDIA & HOW TO GET IT bIBH PUBLISHING COc1979 a223 aWHERE THE MONEY IS IN INDIA & HOW TO GET IT aWHERE THE MONEY IS IN INDIA & HOW TO GET IT